Five year plan, Uttar Pradesh (Record no. 492881)

000 -LEADER
fixed length control field 00439cam a22001217a 4500
008 - FIXED-LENGTH DATA ELEMENTS--GENERAL INFORMATION
fixed length control field 180718b-- xxu||||| |||| 00| 0 eng d
082 ## - DEWEY DECIMAL CLASSIFICATION NUMBER
Classification number T000x5421
100 ## - MAIN ENTRY--PERSONAL NAME
Personal name Uttar Pradesh. Planning Department
245 ## - TITLE STATEMENT
Title Five year plan, Uttar Pradesh
260 ## - PUBLICATION, DISTRIBUTION, ETC.
Place of publication, distribution, etc. Lucknow
Name of publisher, distributor, etc. The author
Date of publication, distribution, etc. --
500 ## - GENERAL NOTE
General note Contents; Library has 3, 5 (Draft, volume 1, 3), 6 (draft), 7 (Draft, 2 volumes), 8 (Draft, 3 volumes)
650 ## - SUBJECT ADDED ENTRY--TOPICAL TERM
Topical term or geographic name entry element Uttar Pradesh - Economic planning
Holdings
Withdrawn status Lost status Damaged status Not for loan Permanent Location Current Location Date acquired Full call number Barcode Date last seen Price effective from Koha item type
        Indian Institute of Public Administration Indian Institute of Public Administration 2018-08-04 T000x5421 GG18619 2018-08-04 2018-08-04 GG
        Indian Institute of Public Administration Indian Institute of Public Administration 2018-08-04 T000x5421 GG14433 2018-08-04 2018-08-04 GG
        Indian Institute of Public Administration Indian Institute of Public Administration 2018-08-04 T000x5421 GG701 2018-08-04 2018-08-04 GG

Powered by Koha